[Event "DEM U12/U12w 2010"]
[Site "Oberhof GER"]
[Date "2010.05.26"]
[Round "7"]
[White "Sawlin, Leonid"]
[Black "Donchenko, Alexander"]
[Result "0-1"]
[Termination "normal"]
[Board "1"]
[WhiteElo "1865"]
[BlackElo "2094"]
[PlyCount "98"]
[WhiteFideId "4689542"]
[BlackFideId "24603295"]
[EventCountry "GER"]
[EventRounds "11"]
[EventType "swiss"]
[EventDate "2010.05.22"]

1. e4 c5 2. Nf3 d6 3. d4 cxd4 4. Nxd4 Nf6 5. Nc3 a6 6. Be3 e6 7. f3 Qc7 8. g4
h6 9. Qd2 b5 10. O-O-O Bb7 11. h4 Nc6 12. Kb1 Nd7 13. Nxc6 Qxc6 14. Ne2 Be7 15.
Nd4 Qc7 16. Be2 h5 17. gxh5 Rxh5 18. Bg5 Nf6 19. Nb3 d5 20. e5 Nd7 21. f4 Rh8
22. Bxe7 Kxe7 23. Qb4+ Ke8 24. h5 Rc8 25. c3 Nc5 26. Rhg1 Rh7 27. Na5 Qe7 28.
a4 bxa4 29. Nxb7 Qxb7 30. Qxb7 Nxb7 31. Bxa6 Rb8 32. Bb5+ Kf8 33. Bxa4 Rxh5 34.
Rh1 Rxh1 35. Rxh1 Ke7 36. Rh7 Rg8 37. Bd1 g5 38. f5 exf5 39. Bf3 Ke6 40. c4 Nd8
41. Bxd5+ Kxe5 42. b4 Kd4 43. b5 g4 44. b6 Rg6 45. b7 Nxb7 46. Bxf7 Rg5 47. Be6
Nc5 48. Bd5 Ne4 49. Rd7 Nc3+ 0-1

[Event "DEM U12/U12w 2010"]
[Site "Oberhof GER"]
[Date "2010.05.26"]
[Round "7"]
[White "Müller, Constantin"]
[Black "Schröder, Jan-Christian"]
[Result "0-1"]
[Termination "normal"]
[Board "2"]
[WhiteElo "1861"]
[BlackElo "1965"]
[PlyCount "74"]
[WhiteFideId "24697630"]
[BlackFideId "24662259"]
[EventCountry "GER"]
[EventRounds "11"]
[EventType "swiss"]
[EventDate "2010.05.22"]

1. d4 d5 2. c4 e6 3. Nc3 Nf6 4. cxd5 exd5 5. Bg5 Nbd7 6. e3 Be7 7. Bd3 O-O 8.
Qc2 Re8 9. Nge2 Nf8 10. O-O c6 11. f3 Ng6 12. Rad1 Be6 13. e4 dxe4 14. fxe4 Ng4
15. Bxe7 Rxe7 16. Qd2 Rd7 17. h3 N4e5 18. Bc2 Bc4 19. b3 Bxe2 20. Nxe2 c5 21.
d5 Rc8 22. Nf4 Qb6 23. Kh1 Nxf4 24. Qxf4 Re8 25. Qf5 Qd6 26. b4 Rc7 27. bxc5
Rxc5 28. Bb3 Rec8 29. Qf4 b6 30. Ba4 b5 31. Bb3 a5 32. a4 b4 33. Rc1 Rc3 34.
Rxc3 Rxc3 35. Rc1 Nc4 36. Qg5 h6 37. e5 hxg5 0-1

[Event "DEM U12/U12w 2010"]
[Site "Oberhof GER"]
[Date "2010.05.26"]
[Round "7"]
[White "Xiong, Ferdinand"]
[Black "Keller, Peter"]
[Result "1/2-1/2"]
[Termination "normal"]
[Board "3"]
[WhiteElo "1901"]
[BlackElo "1798"]
[PlyCount "102"]
[WhiteFideId "24654132"]
[BlackFideId "1272105"]
[EventCountry "GER"]
[EventRounds "11"]
[EventType "swiss"]
[EventDate "2010.05.22"]

1. e4 e5 2. Nf3 Nc6 3. Bc4 Nf6 4. d3 Be7 5. O-O O-O 6. Re1 d6 7. c3 Na5 8. Bb3
Nxb3 9. axb3 c5 10. Na3 Bg4 11. Nc4 Qc7 12. h3 Bh5 13. Ne3 Bg6 14. Bd2 a6 15.
Qc2 Rad8 16. Nh4 d5 17. Nxg6 hxg6 18. c4 d4 19. Nf1 Nh5 20. g3 f5 21. Nh2 Qd6
22. Qd1 f4 23. g4 Nf6 24. Nf3 Nh7 25. Re2 Ng5 26. Nxg5 Bxg5 27. f3 Kf7 28. Rh2
Bh4 29. Be1 Bxe1 30. Qxe1 Qb6 31. Ra3 Rh8 32. Qa5 Rd6 33. h4 g5 34. h5 Rhh6 35.
Rc2 Rc6 36. Rd2 Rhd6 37. Kf1 Ke7 38. Ke1 Kd7 39. Kd1 Re6 40. Kc2 Kc7 41. Rd1
Qxa5 42. Rxa5 Kb6 43. Ra4 Kc7 44. Ra5 Kd6 45. Kd2 Rh6 46. Rda1 Rb6 47. Kc2 Rh8
48. R1a4 Rc8 49. Ra3 Rb4 50. Ra1 Rc6 51. Rh1 Kc7 1/2-1/2

[Event "DEM U12/U12w 2010"]
[Site "Oberhof GER"]
[Date "2010.05.26"]
[Round "7"]
[White "Grigorian, Spartak"]
[Black "Rempe, Moritz"]
[Result "1-0"]
[Termination "normal"]
[Board "4"]
[WhiteElo "1800"]
[BlackElo "1631"]
[PlyCount "59"]
[WhiteFideId "24661490"]
[BlackFideId "12906867"]
[EventCountry "GER"]
[EventRounds "11"]
[EventType "swiss"]
[EventDate "2010.05.22"]

1. d4 d5 2. c4 e6 3. Nf3 Nf6 4. Nc3 Be7 5. Bg5 O-O 6. e3 b6 7. Qc2 Bb7 8. Bd3
h6 9. Bh4 Nbd7 10. O-O c5 11. cxd5 exd5 12. Rac1 Rc8 13. Rfd1 Re8 14. Bf5 c4
15. Ne5 Ra8 16. f4 Nf8 17. Rf1 Bc8 18. Rf3 a6 19. Rg3 b5 20. Rf1 b4 21. Rff3
Bxf5 22. Qxf5 g6 23. Nxg6 fxg6 24. Rxg6+ Nxg6 25. Qxg6+ Kh8 26. Rg3 Ng4 27.
Rxg4 Bg5 28. Bxg5 hxg5 29. Qh6+ Kg8 30. Rxg5+ 1-0

[Event "DEM U12/U12w 2010"]
[Site "Oberhof GER"]
[Date "2010.05.26"]
[Round "7"]
[White "Birnkraut, Tim"]
[Black "Manusina, Nicole"]
[Result "0-1"]
[Termination "normal"]
[Board "5"]
[WhiteElo "1686"]
[BlackElo "1789"]
[PlyCount "80"]
[WhiteFideId "24609587"]
[BlackFideId "24657514"]
[EventCountry "GER"]
[EventRounds "11"]
[EventType "swiss"]
[EventDate "2010.05.22"]

1. e4 c6 2. d4 d5 3. e5 c5 4. c3 Nc6 5. Bb5 e6 6. Nd2 Qb6 7. Bxc6+ Qxc6 8. f4
Nh6 9. Ne2 Be7 10. Nf3 b6 11. Bd2 Ba6 12. Rc1 Qb5 13. b3 Qd3 14. Nfg1 Bh4+ 15.
Kf1 cxd4 16. Qc2 Qxc2 17. Rxc2 d3 18. Rc1 dxe2+ 19. Nxe2 Bxe2+ 20. Kxe2 Be7 21.
Kf3 O-O 22. g4 f6 23. exf6 gxf6 24. f5 Nf7 25. fxe6 Ng5+ 26. Ke2 Nxe6 27. h4
Nc5 28. Bh6 Rfe8 29. Kf3 Nd3 30. Rcd1 Ne5+ 31. Kg3 Rac8 32. Bd2 Red8 33. g5
fxg5 34. hxg5 Ng6 35. Rh3 Bd6+ 36. Kg4 Re8 37. Bc1 Re4+ 38. Kf3 Rf8+ 39. Kg2
Re2+ 40. Kh1 Ne5 0-1

[Event "DEM U12/U12w 2010"]
[Site "Oberhof GER"]
[Date "2010.05.26"]
[Round "7"]
[White "Baskin, Robert"]
[Black "Kasel, Ronaldo"]
[Result "1-0"]
[Termination "normal"]
[Board "6"]
[WhiteElo "1828"]
[BlackElo "1575"]
[PlyCount "77"]
[WhiteFideId "24662402"]
[BlackFideId "24660949"]
[EventCountry "GER"]
[EventRounds "11"]
[EventType "swiss"]
[EventDate "2010.05.22"]

1. e4 e5 2. Nf3 Nc6 3. Bb5 a6 4. Ba4 Nf6 5. O-O b5 6. Bb3 Bc5 7. d3 h6 8. c3 d6
9. Re1 O-O 10. Nbd2 Bg4 11. Nf1 Rb8 12. h3 Bd7 13. Ng3 Bb6 14. a4 Na5 15. Bc2
c5 16. d4 Qc7 17. d5 c4 18. Nh4 Rfd8 19. Nhf5 Kf8 20. Qf3 Ng8 21. Bd2 Ba7 22.
axb5 Rxb5 23. Ra2 Bxf5 24. Nxf5 Ne7 25. Ba4 Rb7 26. Nxh6 Ng8 27. Nf5 Rdb8 28.
Bc1 Ne7 29. Nxe7 Kxe7 30. Qf5 Kf8 31. Qh7 f6 32. Bd1 Nb3 33. Qh8+ Kf7 34. Bh5+
g6 35. Qh7+ Kf8 36. Bh6+ Ke8 37. Qxg6+ Ke7 38. Qg7+ Kd8 39. Qf8+ 1-0

[Event "DEM U12/U12w 2010"]
[Site "Oberhof GER"]
[Date "2010.05.26"]
[Round "7"]
[White "Hamid, Emran"]
[Black "Srokovskiy, Andrea"]
[Result "1/2-1/2"]
[Termination "normal"]
[Board "7"]
[WhiteElo "1700"]
[BlackElo "1726"]
[PlyCount "51"]
[WhiteFideId "12903566"]
[BlackFideId "4624947"]
[EventCountry "GER"]
[EventRounds "11"]
[EventType "swiss"]
[EventDate "2010.05.22"]

1. c4 c5 2. Nf3 Nf6 3. g3 d5 4. cxd5 Nxd5 5. Bg2 Nc6 6. Nc3 Nc7 7. O-O e5 8. d3
Be7 9. Bd2 O-O 10. Rc1 Bd7 11. Ne4 b6 12. Bc3 f6 13. a3 Ne6 14. Ne1 f5 15. Nd2
Qc7 16. Nc2 Rac8 17. b4 f4 18. Ne4 Ncd4 19. Nxd4 exd4 20. Bd2 fxg3 21. hxg3 Rf7
22. Qb3 Qe5 23. bxc5 bxc5 24. Qc2 Bc6 25. Qc4 Bd7 26. Qc2 1/2-1/2

[Event "DEM U12/U12w 2010"]
[Site "Oberhof GER"]
[Date "2010.05.26"]
[Round "7"]
[White "Bentel, Robin"]
[Black "Essler, Oskar"]
[Result "1-0"]
[Termination "normal"]
[Board "9"]
[WhiteElo "1642"]
[BlackElo "1568"]
[PlyCount "61"]
[WhiteFideId "12918016"]
[BlackFideId "12918024"]
[EventCountry "GER"]
[EventRounds "11"]
[EventType "swiss"]
[EventDate "2010.05.22"]

1. d4 d5 2. c4 e6 3. Nc3 Nf6 4. Nf3 c5 5. cxd5 Nxd5 6. e4 cxd4 7. Qxd4 Nc6 8.
Bb5 Nxc3 9. Qxd8+ Kxd8 10. Bxc6 Bb4 11. Bd2 Nxa2 12. Rxa2 Bxd2+ 13. Kxd2 bxc6
14. Ne5 Kc7 15. Rc1 Bb7 16. b4 a6 17. Rac2 Rac8 18. Ke3 f5 19. exf5 exf5 20.
Kf4 Kd6 21. Nf7+ Ke6 22. Nxh8 Rxh8 23. Rd2 g5+ 24. Ke3 Re8 25. f3 g4 26. Kf2
Kf6 27. Rd7 Ba8 28. Rcd1 gxf3 29. Rd8 Rxd8 30. Rxd8 Bb7 31. Rb8 1-0

[Event "DEM U12/U12w 2010"]
[Site "Oberhof GER"]
[Date "2010.05.26"]
[Round "7"]
[White "Kollars, Dmitrij"]
[Black "Schwarz, Larissa"]
[Result "1-0"]
[Termination "normal"]
[Board "10"]
[WhiteElo "1611"]
[BlackElo "1526"]
[PlyCount "39"]
[WhiteFideId "12909572"]
[BlackFideId "24699004"]
[EventCountry "GER"]
[EventRounds "11"]
[EventType "swiss"]
[EventDate "2010.05.22"]

1. e4 c5 2. Nf3 e6 3. c3 Nc6 4. d4 cxd4 5. cxd4 Nf6 6. Nc3 Bb4 7. Bd3 a6 8. O-O
d6 9. Bg5 Qa5 10. Bd2 Qc7 11. Rc1 h6 12. Re1 O-O 13. a3 Ba5 14. d5 Ne7 15. dxe6
fxe6 16. Nd5 Qd8 17. Nxe7+ Qxe7 18. Bxa5 Rb8 19. e5 dxe5 20. Bb4 1-0

[Event "DEM U12/U12w 2010"]
[Site "Oberhof GER"]
[Date "2010.05.26"]
[Round "7"]
[White "Bauer, Björn-Benny"]
[Black "Scholz, Robert"]
[Result "1-0"]
[Termination "normal"]
[Board "11"]
[WhiteElo "1821"]
[BlackElo "1599"]
[PlyCount "99"]
[WhiteFideId "24698741"]
[BlackFideId "1270301"]
[EventCountry "GER"]
[EventRounds "11"]
[EventType "swiss"]
[EventDate "2010.05.22"]

1. d4 d5 2. c4 dxc4 3. a4 e5 4. e3 exd4 5. exd4 Be6 6. Nc3 Bb4 7. Nf3 Ne7 8.
Be2 Nbc6 9. O-O O-O 10. Bg5 f6 11. Bf4 Ng6 12. Be3 Qe7 13. d5 Rad8 14. Bxc4
Nce5 15. Ba2 Kh8 16. Nd4 Bg8 17. Nde2 f5 18. Nf4 Nxf4 19. Bxf4 Ng6 20. Be3 a6
21. Re1 Qd6 22. Qc2 f4 23. Bd4 f3 24. g3 Qd7 25. Bc4 Nf4 26. Rad1 Bxc3 27. Bxc3
Nxd5 28. Re5 Qh3 29. Bf1 Qh6 30. Bd2 Qf6 31. Rh5 h6 32. Bd3 c6 33. Bg5 Qd6 34.
Qd2 Rf6 35. Bxf6 Nxf6 36. Rf5 Bh7 37. Rxf3 Qe7 38. Qc2 Bg8 39. Bg6 Bd5 40. Re3
Qc7 41. Rde1 Qa5 42. Re7 Rf8 43. h3 Qb4 44. R1e3 Bg8 45. Qe2 Qb6 46. Rf3 Bd5
47. Rxf6 gxf6 48. Rh7+ Kg8 49. Qe7 Rf7 50. Rxf7 1-0

[Event "DEM U12/U12w 2010"]
[Site "Oberhof GER"]
[Date "2010.05.26"]
[Round "7"]
[White "Sabirov, Ramil"]
[Black "Richter, Leonard"]
[Result "1/2-1/2"]
[Termination "normal"]
[Board "12"]
[WhiteElo "1584"]
[BlackElo "1816"]
[PlyCount "82"]
[WhiteFideId "12900303"]
[BlackFideId "12900290"]
[EventCountry "GER"]
[EventRounds "11"]
[EventType "swiss"]
[EventDate "2010.05.22"]

1. e4 c6 2. Nc3 d5 3. Nf3 dxe4 4. Nxe4 Nd7 5. Bc4 Ngf6 6. Neg5 Nd5 7. d4 h6 8.
Ne4 N7f6 9. Nxf6+ Nxf6 10. O-O Bf5 11. Re1 e6 12. Bb3 Be7 13. Bf4 O-O 14. c4
Rc8 15. Qe2 Qd7 16. Rad1 Rfd8 17. Ne5 Qe8 18. a3 b5 19. c5 Nd5 20. Bxd5 Rxd5
21. Be3 Rcd8 22. a4 a6 23. Ra1 f6 24. Nf3 Bg4 25. axb5 axb5 26. h3 Bh5 27. g4
Bf7 28. Ra7 Ra8 29. Rea1 Rxa7 30. Rxa7 e5 31. b4 exd4 32. Nxd4 Bxc5 33. bxc5
Rxd4 34. Qc2 Rd5 35. Rc7 Qa8 36. Qb2 Rd1+ 37. Kg2 Qa1 38. Qxa1 Rxa1 39. Kg3 Bd5
40. Kf4 Ra4+ 41. Kf5 Ra8 1/2-1/2

[Event "DEM U12/U12w 2010"]
[Site "Oberhof GER"]
[Date "2010.05.26"]
[Round "7"]
[White "Peters, Tom"]
[Black "Hirschmann, Jakob"]
[Result "0-1"]
[Termination "normal"]
[Board "13"]
[WhiteElo "1551"]
[BlackElo "1770"]
[PlyCount "112"]
[WhiteFideId "24694444"]
[BlackFideId "24652067"]
[EventCountry "GER"]
[EventRounds "11"]
[EventType "swiss"]
[EventDate "2010.05.22"]

1. e4 e6 2. d4 d5 3. Nc3 Bb4 4. e5 Ne7 5. a3 Bxc3+ 6. bxc3 c5 7. Qg4 O-O 8. Bd3
f5 9. exf6 Rxf6 10. Bg5 Rf7 11. Qh5 g6 12. Qd1 Qa5 13. Bd2 c4 14. Be2 Nbc6 15.
f4 Nf5 16. Nf3 Bd7 17. O-O Kh8 18. Ng5 Re7 19. Rf3 h6 20. Rh3 Kg7 21. Nf3 Nd6
22. g4 Ne4 23. Qe1 Rh8 24. Rd1 Rf7 25. Ne5 Nxe5 26. dxe5 Qd8 27. Be3 Qa5 28.
Bd2 Nxd2 29. Qxd2 Qxa3 30. f5 Qc5+ 31. Qd4 Qxd4+ 32. Rxd4 exf5 33. Rxd5 fxg4
34. Re3 Bc6 35. Rd4 h5 36. Bxc4 Re7 37. Rd6 Rhe8 38. e6 Rf8 39. Bb3 Rf3 40.
Rxf3 gxf3 41. Kf2 g5 42. Rd8 g4 43. Rd4 Kg6 44. Rf4 Re8 45. Rf7 Rd8 46. Ke1 h4
47. e7 Re8 48. Kf2 a5 49. Rf4 Rxe7 50. Rxg4+ Kh5 51. Rd4 Re2+ 52. Kg1 Rg2+ 53.
Kf1 Rxh2 54. Bd5 Bxd5 55. Rxd5+ Kg4 56. Rxa5 Rxc2 0-1

[Event "DEM U12/U12w 2010"]
[Site "Oberhof GER"]
[Date "2010.05.26"]
[Round "7"]
[White "Flüchter, Gregor"]
[Black "Reimers, Juri"]
[Result "1/2-1/2"]
[Termination "normal"]
[Board "14"]
[WhiteElo "1721"]
[BlackElo "1688"]
[PlyCount "64"]
[WhiteFideId "12903396"]
[BlackFideId "24661511"]
[EventCountry "GER"]
[EventRounds "11"]
[EventType "swiss"]
[EventDate "2010.05.22"]

1. e4 d5 2. exd5 Qxd5 3. Nc3 Qd6 4. d4 Nf6 5. Nf3 a6 6. Be2 b5 7. O-O e6 8. Ne5
Bb7 9. Bf4 Qb6 10. Be3 c5 11. Qd2 Qc7 12. Rfd1 Bd6 13. Bf4 O-O 14. Bg3 h6 15.
Nf3 Bxg3 16. fxg3 Rd8 17. Qe1 Nbd7 18. dxc5 Nxc5 19. Rxd8+ Rxd8 20. Rd1 Nce4
21. Nxe4 Nxe4 22. Rxd8+ Qxd8 23. Bd3 Qd5 24. g4 Ng5 25. Qg3 Qc5+ 26. Kh1 Nxf3
27. gxf3 e5 28. h4 Qe3 29. Kg2 g6 30. Qf2 Qf4 31. Qg3 Qe3 32. Qf2 Qf4 1/2-1/2

[Event "DEM U12/U12w 2010"]
[Site "Oberhof GER"]
[Date "2010.05.26"]
[Round "7"]
[White "Perske, Thore"]
[Black "Klöckner, Connor"]
[Result "1-0"]
[Termination "normal"]
[Board "15"]
[WhiteElo "1659"]
[BlackElo "1543"]
[PlyCount "79"]
[WhiteFideId "12902195"]
[EventCountry "GER"]
[EventRounds "11"]
[EventType "swiss"]
[EventDate "2010.05.22"]

1. e4 c5 2. d3 e6 3. g3 Nc6 4. Bg2 Nf6 5. Nf3 d5 6. Nbd2 Be7 7. O-O O-O 8. Re1
d4 9. h3 a6 10. Nh2 e5 11. f4 exf4 12. gxf4 Re8 13. Qf3 Nb4 14. Qd1 Qc7 15. a3
Nc6 16. Qf3 Rd8 17. Re2 Be6 18. Bf1 Qc8 19. f5 Bd7 20. Rg2 Kh8 21. Ng4 Rg8 22.
Nc4 Qd8 23. Nxf6 Bxf6 24. Bf4 b5 25. Nd2 Rc8 26. Re1 Qe7 27. Qe2 Bh4 28. Rc1
Ne5 29. Bxe5 Qxe5 30. Nf3 Qf4 31. Rg4 Qxc1 32. Rxh4 f6 33. e5 fxe5 34. Nxe5
Rge8 35. Qh5 Qe3+ 36. Kh1 h6 37. Nxd7 Qf2 38. Bg2 Re1+ 39. Kh2 Qf4+ 40. Rxf4
1-0

[Event "DEM U12/U12w 2010"]
[Site "Oberhof GER"]
[Date "2010.05.26"]
[Round "7"]
[White "Damm, Nils"]
[Black "Bach, Jannik"]
[Result "1/2-1/2"]
[Termination "normal"]
[Board "16"]
[WhiteElo "1639"]
[BlackElo "1680"]
[PlyCount "75"]
[WhiteFideId "24693065"]
[BlackFideId "24615900"]
[EventCountry "GER"]
[EventRounds "11"]
[EventType "swiss"]
[EventDate "2010.05.22"]

1. c4 b6 2. Nc3 Bb7 3. e4 e6 4. g3 f5 5. Bg2 Nf6 6. d3 Bb4 7. f3 O-O 8. Nge2 d5
9. cxd5 exd5 10. exf5 d4 11. Qb3+ Kh8 12. Qxb4 c5 13. Qb3 dxc3 14. Qxc3 Nd5 15.
Qd2 Nb4 16. Nf4 Rxf5 17. a3 Nd5 18. Nxd5 Bxd5 19. O-O Nc6 20. g4 Rf7 21. Qg5
Nd4 22. Qxd8+ Rxd8 23. Bg5 Rdf8 24. f4 Bxg2 25. Kxg2 h6 26. Bh4 Nc2 27. f5 Ne3+
28. Kf3 Nxf1 29. Rxf1 Re8 30. Re1 Rxe1 31. Bxe1 Re7 32. Bc3 Kg8 33. Kf4 Re2 34.
h4 Kf7 35. g5 hxg5+ 36. hxg5 b5 37. Kf3 Re8 38. d4 1/2-1/2

[Event "DEM U12/U12w 2010"]
[Site "Oberhof GER"]
[Date "2010.05.26"]
[Round "7"]
[White "Wiesner, Paula"]
[Black "Heldt, Ronny"]
[Result "1-0"]
[Termination "normal"]
[Board "17"]
[WhiteElo "1863"]
[BlackElo "1584"]
[PlyCount "71"]
[WhiteFideId "24654019"]
[BlackFideId "12903973"]
[EventCountry "GER"]
[EventRounds "11"]
[EventType "swiss"]
[EventDate "2010.05.22"]

1. e4 e6 2. d4 d5 3. Nd2 c5 4. c3 cxd4 5. cxd4 dxe4 6. Nxe4 Bb4+ 7. Nc3 Nf6 8.
Nf3 O-O 9. Bd3 Nc6 10. O-O h6 11. Bc2 Qc7 12. Be3 Rd8 13. Qe2 Nd5 14. Nxd5 Rxd5
15. Bb3 Rd8 16. Rac1 Qe7 17. Rfd1 Na5 18. Bc2 Bd7 19. Qd3 f5 20. Ne5 Nc6 21.
Nxd7 Rxd7 22. Ba4 Rc8 23. a3 Bd6 24. d5 Bxh2+ 25. Kxh2 Qh4+ 26. Kg1 Qxa4 27.
Qb1 Rxd5 28. Rxd5 exd5 29. Qxf5 Rd8 30. Qe6+ Kh8 31. Qf7 Qb3 32. Bxh6 Qxb2 33.
Bg5 Rb8 34. Re1 Qc3 35. Re3 Qd4 36. Rh3+ 1-0

[Event "DEM U12/U12w 2010"]
[Site "Oberhof GER"]
[Date "2010.05.26"]
[Round "7"]
[White "Kaplun, David"]
[Black "Engert, Marvin"]
[Result "1/2-1/2"]
[Termination "normal"]
[Board "18"]
[WhiteElo "1787"]
[BlackElo "1612"]
[PlyCount "99"]
[WhiteFideId "12901954"]
[BlackFideId "12901164"]
[EventCountry "GER"]
[EventRounds "11"]
[EventType "swiss"]
[EventDate "2010.05.22"]

1. d4 Nf6 2. c4 g6 3. Nc3 Bg7 4. e4 d6 5. f3 O-O 6. Be3 Nbd7 7. Qd2 Ne8 8. g4
e5 9. d5 a5 10. h4 f5 11. gxf5 gxf5 12. O-O-O f4 13. Bf2 Nc5 14. Bh3 Nf6 15.
Bxc8 Qxc8 16. Kb1 a4 17. Bxc5 dxc5 18. Nh3 h6 19. Nf2 Ne8 20. h5 Nd6 21. Qe2 b6
22. Rhg1 Qa6 23. Nb5 Nxb5 24. cxb5 Qa5 25. a3 Rad8 26. Ng4 Kh7 27. Nf2 Rg8 28.
Rg6 Bf8 29. Re6 Rd6 30. Rxe5 Rf6 31. Ng4 Rxg4 32. fxg4 f3 33. Qd3 c4 34. Qxc4
f2 35. Rf5 Rxf5 36. exf5 Qe1 37. Qf1 Qe3 38. f6 Bxa3 39. Qc4 Bd6 40. Qxa4 Kh8
41. Qa8+ Kh7 42. f7 Qe4+ 43. Ka1 Qxg4 44. Qg8+ Qxg8 45. fxg8=Q+ Kxg8 46. Rf1
Bg3 47. Kb1 Kf7 48. Kc2 Kf6 49. Kd2 Kg5 50. Rh1 1/2-1/2

[Event "DEM U12/U12w 2010"]
[Site "Oberhof GER"]
[Date "2010.05.26"]
[Round "7"]
[White "Knorre, Jonas"]
[Black "Berkes, Alexander"]
[Result "0-1"]
[Termination "normal"]
[Board "19"]
[WhiteElo "1733"]
[BlackElo "1610"]
[PlyCount "114"]
[WhiteFideId "24696900"]
[BlackFideId "12901636"]
[EventCountry "GER"]
[EventRounds "11"]
[EventType "swiss"]
[EventDate "2010.05.22"]

1. d4 Nf6 2. Nf3 g6 3. e3 Bg7 4. Be2 d6 5. b3 O-O 6. Bb2 Nbd7 7. Nc3 e5 8. Qd2
e4 9. Ng5 d5 10. O-O-O c6 11. h4 a5 12. f3 exf3 13. gxf3 h6 14. Nh3 Re8 15. Nf4
Qe7 16. Ng2 b5 17. Bd3 Nb6 18. Rde1 b4 19. Na4 Nxa4 20. bxa4 Bd7 21. Nf4 c5 22.
dxc5 Qxc5 23. Rhg1 Bxa4 24. h5 g5 25. Nh3 Nh7 26. Bxg7 Kxg7 27. f4 f6 28. fxg5
fxg5 29. Rgf1 Rf8 30. Bxh7 Kxh7 31. Qd3+ Kh8 32. Qg6 Qc6 33. Qxc6 Bxc6 34. Nf2
Be8 35. Ng4 Bxh5 36. Nxh6 Rac8 37. Nf5 Rc7 38. Nd4 Rcf7 39. Rh1 Rh7 40. Ne6 Rf5
41. Nd4 Rf6 42. e4 dxe4 43. Rxe4 Bg6 44. Rxh7+ Kxh7 45. Re7+ Rf7 46. Rxf7+ Bxf7
47. Nc6 g4 48. Kd2 Bxa2 49. Nxa5 g3 50. Ke2 Bd5 51. Nb3 Kg6 52. Kf1 Bxb3 53.
cxb3 Kf5 54. Kg2 Kf4 55. Kg1 Ke3 56. Kg2 Kd3 57. Kxg3 Kc3 0-1

[Event "DEM U12/U12w 2010"]
[Site "Oberhof GER"]
[Date "2010.05.26"]
[Round "7"]
[White "Zahn, Alina"]
[Black "Mager, Denis"]
[Result "0-1"]
[Termination "normal"]
[Board "21"]
[WhiteElo "1550"]
[BlackElo "1538"]
[PlyCount "110"]
[WhiteFideId "24696730"]
[BlackFideId "24691127"]
[EventCountry "GER"]
[EventRounds "11"]
[EventType "swiss"]
[EventDate "2010.05.22"]

1. e4 e6 2. d4 d5 3. Nc3 Bb4 4. exd5 exd5 5. Bd3 Nf6 6. Bg5 c6 7. Nge2 Be6 8.
O-O O-O 9. a3 Bd6 10. Re1 Nbd7 11. Qd2 Qc7 12. h3 Rfe8 13. Nf4 h6 14. Nxe6 fxe6
15. Be3 e5 16. dxe5 Nxe5 17. Rad1 Nxd3 18. Qxd3 a6 19. Bd4 Be5 20. Bxe5 Rxe5
21. Re2 Rxe2 22. Qxe2 Re8 23. Qd2 Qe5 24. f4 Qe7 25. Kf1 Ne4 26. Nxe4 Qxe4 27.
Re1 Qc4+ 28. Kf2 Qc5+ 29. Kf1 Qc4+ 30. Kf2 Re4 31. Rxe4 Qxe4 32. g3 Qh1 33. Qe2
Qxh3 34. Qe8+ Kh7 35. c4 Qf5 36. Qe2 Qb1 37. b4 dxc4 38. Qxc4 Qb2+ 39. Kg1 Qb1+
40. Kg2 Qf5 41. Qe2 h5 42. Qe7 Qc8 43. Qe5 Qg4 44. Qe7 h4 45. Qe4+ Qg6 46. f5
Qxg3+ 47. Kh1 Kh6 48. Qe6+ Kh7 49. Qe4 h3 50. f6+ g6 51. Qe7+ Kh6 52. Qe4 Qg2+
53. Qxg2 hxg2+ 54. Kxg2 Kh7 55. Kg3 Kg8 0-1

[Event "DEM U12/U12w 2010"]
[Site "Oberhof GER"]
[Date "2010.05.26"]
[Round "7"]
[White "Walter, Kevin"]
[Black "Reksten, Anne"]
[Result "1-0"]
[Termination "normal"]
[Board "22"]
[WhiteElo "1777"]
[BlackElo "1383"]
[PlyCount "45"]
[WhiteFideId "12906654"]
[BlackFideId "24692778"]
[EventCountry "GER"]
[EventRounds "11"]
[EventType "swiss"]
[EventDate "2010.05.22"]

1. e4 c6 2. d4 d5 3. exd5 cxd5 4. Bd3 Nf6 5. Nf3 Nc6 6. c3 Bg4 7. O-O e5 8.
dxe5 Nxe5 9. Re1 Nfd7 10. Qa4 Bxf3 11. Rxe5+ Be7 12. gxf3 a6 13. Rxd5 b5 14.
Qd4 Bf6 15. Qe4+ Be7 16. Bg5 f6 17. Bf4 Kf7 18. Qf5 Ra7 19. a4 g6 20. Qg4 g5
21. Be3 h5 22. Qf5 Rc7 23. axb5 1-0

[Event "DEM U12/U12w 2010"]
[Site "Oberhof GER"]
[Date "2010.05.26"]
[Round "7"]
[White "Altstadt, Karl-Simon"]
[Black "Bilchinski, Anton"]
[Result "0-1"]
[Termination "normal"]
[Board "23"]
[WhiteElo "1401"]
[BlackElo "1727"]
[PlyCount "90"]
[WhiteFideId "24696676"]
[BlackFideId "24615765"]
[EventCountry "GER"]
[EventRounds "11"]
[EventType "swiss"]
[EventDate "2010.05.22"]

1. e4 e5 2. Nf3 d6 3. d4 exd4 4. Qxd4 Nc6 5. Bb5 Bd7 6. Bxc6 Bxc6 7. Nc3 Nf6 8.
Bf4 Be7 9. h3 a6 10. O-O O-O 11. Rad1 Re8 12. Qc4 Nd7 13. Nd4 Nb6 14. Qe2 Bd7
15. Rfe1 Bf6 16. Qf1 Bxd4 17. Rxd4 Qf6 18. Be3 Qg6 19. Kh1 Bc6 20. f3 Rad8 21.
Red1 h6 22. Bf4 Qf6 23. Bg3 Rd7 24. Qf2 Red8 25. Bh4 g5 26. Bg3 Qg7 27. f4 f6
28. f5 Re8 29. Bh2 Rde7 30. Re1 Qf7 31. Re2 Nd7 32. h4 Nc5 33. Qe1 Qh5 34. hxg5
hxg5 35. Re3 Rh7 36. Rh3 Qf7 37. Re3 Kg7 38. Qe2 Reh8 39. Rh3 Rxh3 40. gxh3
Rxh3 41. b4 Rxc3 42. bxc5 Rxc5 43. Qg2 Rxf5 44. exf5 Bxg2+ 45. Kxg2 Qxa2 0-1

[Event "DEM U12/U12w 2010"]
[Site "Oberhof GER"]
[Date "2010.05.26"]
[Round "7"]
[White "Bohnert, Dominik"]
[Black "Schnepper, Pauline"]
[Result "1/2-1/2"]
[Termination "normal"]
[Board "24"]
[WhiteElo "1370"]
[BlackElo "1536"]
[PlyCount "33"]
[WhiteFideId "12918075"]
[BlackFideId "12918040"]
[EventCountry "GER"]
[EventRounds "11"]
[EventType "swiss"]
[EventDate "2010.05.22"]

1. e4 c5 2. Nf3 Nc6 3. d4 cxd4 4. Nxd4 g6 5. Nc3 Bg7 6. Be3 Nf6 7. Bc4 O-O 8.
Bb3 a5 9. f3 d5 10. exd5 Nb4 11. Nde2 a4 12. Bc4 Bf5 13. Nd4 Bc8 14. Nde2 Bf5
15. Nd4 Bc8 16. Nde2 Bf5 17. Nd4 1/2-1/2

[Event "DEM U12/U12w 2010"]
[Site "Oberhof GER"]
[Date "2010.05.26"]
[Round "7"]
[White "Brandl, Lea"]
[Black "Heinemann, Josefine"]
[Result "1/2-1/2"]
[Termination "normal"]
[Board "25"]
[WhiteElo "1529"]
[BlackElo "1376"]
[PlyCount "38"]
[WhiteFideId "24693049"]
[BlackFideId "12900460"]
[EventCountry "GER"]
[EventRounds "11"]
[EventType "swiss"]
[EventDate "2010.05.22"]

1. d4 d5 2. c4 e6 3. Nc3 c5 4. Nf3 Nc6 5. e3 Nf6 6. Be2 Be7 7. O-O O-O 8. b3
cxd4 9. exd4 Ne4 10. Bb2 Nxc3 11. Bxc3 b6 12. Bd3 Bf6 13. Bc2 Ne7 14. Qd3 Ng6
15. g3 Bb7 16. Nd2 Qc7 17. cxd5 Bxd5 18. h4 h5 19. g4 Qf4 1/2-1/2